| 000 -LEADER |
| fixed length control field |
00845nam a22001577a 4500 |
| 003 - CONTROL NUMBER IDENTIFIER |
| control field |
OSt |
| 005 - DATE AND TIME OF LATEST TRANSACTION |
| control field |
20150921115538.0 |
| 008 - FIXED-LENGTH DATA ELEMENTS--GENERAL INFORMATION |
| fixed length control field |
150921b xxu||||| |||| 00| 0 eng d |
| 040 ## - CATALOGING SOURCE |
| Transcribing agency |
RUA |
| 082 ## - DEWEY DECIMAL CLASSIFICATION NUMBER |
| Classification number |
AGR SUY 2006 BO33 Or.1 |
| 100 ## - MAIN ENTRY--PERSONAL NAME |
| 9 (RLIN) |
1005 |
| Personal name |
SUY,LINNA |
| 245 ## - TITLE STATEMENT |
| Title |
EFFECT OF A B FERTILIZER UTILIZATION ON LETTUCE GROWN IN SOLUTION CONDITION AT ROYAL UNIVERSITY OF AGRICULTURE'S CROP STATION,(ឥទ្ពិពលនៃការប្រើប្រាស់ជៅ អា ប៉រ លើការលូលលាស់ដំណាំសាលាទក្នុងសូលុយស្យុងនៅស្ថានីយ៍ពិសោធន៍ដំណាំនៃសាកលវិទ្យាល័យភូមមិន្ធកសិកម្ម). |
| 260 ## - PUBLICATION, DISTRIBUTION, ETC. (IMPRINT) |
| Place of publication, distribution, etc. |
PHNOM PHEN |
| Name of publisher, distributor, etc. |
RUA |
| Date of publication, distribution, etc. |
2006 |
| 300 ## - PHYSICAL DESCRIPTION |
| Extent |
XIV, 44P. |
| Other physical details |
ILL. |
| Dimensions |
29CM. |
| 942 ## - ADDED ENTRY ELEMENTS (KOHA) |
| Source of classification or shelving scheme |
|
| Koha item type |
AGR |